[Event "DOM-ch (Women)"]
[Site "Santo Domingo"]
[Date "2018.03.18"]
[Round "8"]
[White "Alfau Sencion, Lisbeth"]
[Black "Villar Acevedo, Darlin Rocio"]
[Result "1/2-1/2"]
[WhiteElo "1664"]
[BlackElo "1757"]
[PlyCount "101"]
[EventDate "2018.03.09"]
[EventType "swiss"]
[EventRounds "8"]
[EventCountry "DOM"]
[SourceTitle "EXT 2019"]
[Source "ChessBase"]
[SourceDate "2018.10.10"]
[SourceVersion "1"]
[SourceVersionDate "2018.10.10"]
[SourceQuality "1"]

1. d4 d5 2. c4 e6 3. e3 Nf6 4. Nf3 Be7 5. Bd3 0-0 6. Nc3 b6 7. 0-0 c5 8. cxd5 exd5 9. dxc5 bxc5 10. h3 h6 11. b3 Be6 12. Bb2 Nc6 13. Rc1 Nb4 14. Bb5 a6 15. Be2 a5 16. a3 Na6 17. Na4 Nd7 18. Bb5 Nb6 19. Nc3 c4 20. Nd4 Nc5 21. Nc6 Qc7 22. bxc4 Nxc4 23. Nxe7+ Qxe7 24. Nxd5 Bxd5 25. Bxc4 Bxc4 26. Rxc4 Rfd8 27. Qg4 Ne6 28. Rcc1 Qg5 29. Qxg5 Nxg5 30. Rfd1 Rxd1+ 31. Rxd1 Rb8 32. Bd4 Ne6 33. Kf1 Rb3 34. a4 Nxd4 35. Rxd4 Ra3 36. Ke2 Ra2+ 37. Kf3 Kf8 38. Kg3 Ke7 39. f4 f5 40. Kf3 Ke6 41. g4 g6 42. gxf5+ gxf5 43. e4 Ra3+ 44. Kg2 fxe4 45. Rxe4+ Kf5 46. Re5+ Kxf4 47. Rxa5 Ra2+ 48. Kf1 Kf3 49. Rf5+ Kg3 50. Rh5 Rxa4 51. Rxh6 1/2-1/2

[Event "DOM-ch (Women)"]
[Site "Santo Domingo"]
[Date "2018.03.11"]
[Round "4"]
[White "Alfau Sencion, Lisbeth"]
[Black "Moronta Ramos, Dianelva Altagracia"]
[Result "1/2-1/2"]
[WhiteElo "1664"]
[BlackElo "1651"]
[PlyCount "106"]
[EventDate "2018.03.09"]
[EventType "swiss"]
[EventRounds "8"]
[EventCountry "DOM"]
[SourceTitle "CBM 183 Extra"]
[Source "ChessBase"]
[SourceDate "2018.04.19"]
[SourceVersion "1"]
[SourceVersionDate "2018.04.19"]
[SourceQuality "1"]

1. e4 c6 2. d4 d5 3. exd5 cxd5 4. Nf3 Nf6 5. Bd3 Bg4 6. c3 e6 7. Nbd2 Bd6 8. 0-0 Qc7 9. Re1 Bxh2+ 10. Kh1 Bd6 11. Qa4+ Nbd7 12. Ne5 0-0 13. Ndf3 Bxf3 14. Nxf3 Ng4 15. Qc2 Ndf6 16. Bg5 Rac8 17. g3 h6 18. Bxf6 Nxf6 19. Ne5 a6 20. Qe2 b5 21. g4 b4 22. cxb4 Bxb4 23. Rg1 Qe7 24. Bxa6 Rc7 25. Bd3 Rfc8 26. g5 Ne4 27. Bxe4 dxe4 28. Qxe4 hxg5 29. a3 Bd6 30. Qe3 Rc2 31. Rac1 Qf6 32. Rxc2 Rxc2 33. Qxg5 Qxg5 34. Rxg5 f6 35. Rg6 fxe5 36. Rxe6 Bf8 37. dxe5 Rxb2 38. Kg2 Bxa3 39. Kg3 Bc5 40. f4 Re2 41. Kg4 Kf7 42. Rc6 Be7 43. Kf5 Re1 44. e6+ Ke8 45. Rc8+ Bd8 46. Kg6 Rg1+ 47. Kh7 Ke7 48. f5 Ba5 49. Rc5 Bb4 50. Rc7+ Kf6 51. Rf7+ Ke5 52. Rxg7 Rxg7+ 53. Kxg7 Kxf5 1/2-1/2

[Event "Santo Domingo Duarte Memorial 6th"]
[Site "Santo Domingo"]
[Date "2017.02.04"]
[Round "7"]
[White "Alfau Sencion, Lisbeth"]
[Black "Santos Almonte, Carol"]
[Result "1/2-1/2"]
[WhiteElo "1656"]
[BlackElo "1785"]
[PlyCount "67"]
[EventDate "2017.01.27"]
[EventType "swiss"]
[EventRounds "8"]
[EventCountry "DOM"]
[SourceTitle "CBM 176 Extra"]
[Source "ChessBase"]
[SourceDate "2017.03.02"]
[SourceVersion "1"]
[SourceVersionDate "2017.03.02"]
[SourceQuality "1"]

1. e4 e6 2. d4 d5 3. e5 c5 4. Nf3 Qb6 5. c3 Nc6 6. Bd3 Bd7 7. Bc2 Nh6 8. 0-0 Nf5 9. Bxf5 exf5 10. a3 Be6 11. b4 cxd4 12. cxd4 Be7 13. Re1 0-0 14. Nc3 Qc7 15. Bb2 Rae8 16. Qd3 f6 17. Rac1 Qd7 18. Ne2 Bd8 19. Nf4 g6 20. Nxe6 Rxe6 21. exf6 Bxf6 22. Ne5 Nxe5 23. dxe5 Be7 24. Bd4 b6 25. f4 Rc8 26. Rxc8+ Qxc8 27. Qb5 Qc4 28. Qxc4 dxc4 29. Rc1 b5 30. Rc3 a6 31. Kf2 Kf7 32. Ke3 Rc6 33. Kd2 Ke6 34. Ke3 1/2-1/2

[Event "DOM-ch (Women)"]
[Site "Santo Domingo"]
[Date "2016.04.01"]
[Round "5"]
[White "Santos Almonte, Carol"]
[Black "Alfau Sencion, Lisbeth"]
[Result "1-0"]
[WhiteElo "1788"]
[BlackElo "1684"]
[PlyCount "51"]
[EventDate "2016.03.18"]
[EventType "swiss"]
[EventRounds "8"]
[EventCountry "DOM"]
[SourceTitle "CBM 171 Extra"]
[Source "ChessBase"]
[SourceDate "2016.04.26"]
[SourceVersion "1"]
[SourceVersionDate "2016.04.26"]
[SourceQuality "1"]

1. d4 d5 2. Nf3 Nf6 3. Bf4 e6 4. e3 Be7 5. Bd3 Nbd7 6. Nbd2 b6 7. c3 0-0 8. 0-0 Bb7 9. Ne5 c5 10. h3 c4 11. Bc2 Nxe5 12. Bxe5 h6 13. Re1 Rc8 14. e4 Nxe4 15. Nxe4 dxe4 16. Bxe4 Bxe4 17. Rxe4 Qd5 18. Rg4 f6 19. Bf4 Kh8 20. Qc2 Qh5 21. Re1 f5 22. Rg3 Rf6 23. Qa4 a5 24. Qb5 Bd8 25. Qd7 Ra8 26. Qxg7# 1-0

[Event "Santo Domingo La Raza op"]
[Site "Santo Domingo"]
[Date "2015.10.19"]
[Round "5"]
[White "Delmonte Arias, Nelson"]
[Black "Alfau Sencion, Lisbeth"]
[Result "1/2-1/2"]
[WhiteElo "1933"]
[BlackElo "1630"]
[PlyCount "33"]
[EventDate "2015.10.12"]
[EventType "swiss"]
[EventRounds "8"]
[EventCountry "DOM"]
[SourceTitle "CBM 169 Extra"]
[Source "ChessBase"]
[SourceDate "2015.12.18"]
[SourceVersion "1"]
[SourceVersionDate "2015.12.18"]
[SourceQuality "1"]

1. d4 Nf6 2. c4 g6 3. Nc3 Bg7 4. e4 d6 5. Nf3 Bg4 6. Be2 0-0 7. Be3 Nbd7 8. Qd2 c5 9. d5 a6 10. b3 Bxf3 11. Bxf3 Rb8 12. g4 b5 13. cxb5 axb5 14. g5 Ne5 15. Qe2 Ne8 16. 0-0 Qd7 17. Nxb5 1/2-1/2

[Event "Santo Domingo La Raza op"]
[Site "Santo Domingo"]
[Date "2015.10.13"]
[Round "2"]
[White "Alfau Sencion, Lisbeth"]
[Black "Garcia Matos, Reynaldo Alexis"]
[Result "0-1"]
[WhiteElo "1630"]
[BlackElo "2129"]
[PlyCount "50"]
[EventDate "2015.10.12"]
[EventType "swiss"]
[EventRounds "8"]
[EventCountry "DOM"]
[SourceTitle "CBM 169 Extra"]
[Source "ChessBase"]
[SourceDate "2015.12.18"]
[SourceVersion "1"]
[SourceVersionDate "2015.12.18"]
[SourceQuality "1"]

1. e4 e6 2. d4 d5 3. exd5 Qxd5 4. c3 c5 5. Nf3 Nc6 6. Be3 Nf6 7. Be2 cxd4 8. Bxd4 Nxd4 9. Qxd4 Bc5 10. Bb5+ Ke7 11. Qxd5 Nxd5 12. 0-0 a6 13. Bc4 Nf6 14. Nbd2 b5 15. Bb3 Rd8 16. Rad1 Bb7 17. Ne5 Nh5 18. Ndf3 Nf4 19. g3 Nh3+ 20. Kg2 Ng5 21. h4 Ne4 22. Nd3 Bb6 23. Kg1 Nxg3 24. Nde5 Nxf1 25. Kxf1 f6 0-1

[Event "DOM-ch (Women)"]
[Site "Santo Domingo"]
[Date "2015.06.07"]
[Round "4"]
[White "Paulino Hidalgo, Genesis"]
[Black "Alfau Sencion, Lisbeth"]
[Result "0-1"]
[WhiteElo "1712"]
[BlackElo "1624"]
[PlyCount "108"]
[EventDate "2015.06.05"]
[EventType "swiss"]
[EventRounds "6"]
[EventCountry "DOM"]
[SourceTitle "CBM 167 Extra"]
[Source "ChessBase"]
[SourceDate "2015.09.14"]
[SourceVersion "1"]
[SourceVersionDate "2015.09.14"]
[SourceQuality "1"]

1. e4 c5 2. Nf3 d6 3. Nc3 Nf6 4. d3 e6 5. Bf4 Be7 6. Qd2 0-0 7. 0-0-0 Nc6 8. Kb1 a6 9. d4 cxd4 10. Nxd4 Nxd4 11. Qxd4 e5 12. Bxe5 dxe5 13. Qxe5 Qe8 14. f3 Bb4 15. Qd4 Bxc3 16. Qxc3 Be6 17. Qc7 Qc8 18. Qa5 Rd8 19. Bd3 Nd7 20. Rd2 Nc5 21. Rhd1 Nxd3 22. Rxd3 Rxd3 23. Rxd3 h6 24. a3 Qc6 25. Qd2 b5 26. h3 Qb6 27. Qe3 Qxe3 28. Rxe3 Rd8 29. Rd3 Rxd3 30. cxd3 Kf8 31. Kc2 Ke7 32. b3 Kd6 33. d4 f5 34. h4 fxe4 35. fxe4 a5 36. b4 axb4 37. axb4 Bc4 38. g3 Ke6 39. Kd2 Kf6 40. Ke3 g5 41. h5 Bb3 42. Kd2 Bf7 43. g4 Be6 44. e5+ Kf7 45. Ke3 Bxg4 46. Ke4 Bxh5 47. d5 Bg6+ 48. Kf3 h5 49. Ke3 h4 50. Kf3 Bf5 51. Ke3 h3 52. Kf3 g4+ 53. Kg3 Be4 54. d6 Ke6 0-1